| 000 -LEADER |
| fixed length control field |
00387nam a22001577a 4500 |
| 008 - FIXED-LENGTH DATA ELEMENTS--GENERAL INFORMATION |
| fixed length control field |
200317b ||||| |||| 00| 0 eng d |
| 082 00 - DEWEY DECIMAL CLASSIFICATION NUMBER |
| Classification number |
546 |
| Item number |
K332 |
| 100 ## - MAIN ENTRY--PERSONAL NAME |
| 9 (RLIN) |
2463 |
| Personal name |
Kendall, James. |
| 245 10 - TITLE STATEMENT |
| Title |
Smith's inorganic chemistry |
| 250 ## - EDITION STATEMENT |
| Edition statement |
2nd rev |
| 260 ## - PUBLICATION, DISTRIBUTION, ETC. (IMPRINT) |
| Place of publication, distribution, etc |
London |
| Name of publisher, distributor, etc |
Bell |
| Date of publication, distribution, etc |
1926 |
| 300 ## - PHYSICAL DESCRIPTION |
| Extent |
xxiv,954 p. |
| 365 ## - TRADE PRICE |
| Unit of pricing |
13.08 |
| 650 #0 - SUBJECT ADDED ENTRY--TOPICAL TERM |
| Topical term or geographic name as entry element |
Chemistry |
| 942 ## - ADDED ENTRY ELEMENTS (KOHA) |
| Item type |
Books |